00337 a2200121 450000100060000010000160000624500210002226000290004309000170007294200230008999900190011295200840013130722 aSiddle, W D aThe story of oil aEnglaandbLadybird Bksc c20654d20654 aNUST-CAEcMc11841 c265795d265795 001040708NFICaCAEbCAEd2017-04-03l0pCAE45007r2017-04-05w2017-04-05yBK